| 000 | 01273cam a2200397 i 4500 | ||
|---|---|---|---|
| 001 | 200461750 | ||
| 003 | TR-AnTOB | ||
| 005 | 20240711112058.0 | ||
| 007 | ta | ||
| 008 | 950623s1996 mnuab b 001 0 eng d | ||
| 010 | _a 95033105 | ||
| 020 | _a0314058265 (alk. paper) | ||
| 020 | _z0314075917 (loose leaf edition) | ||
| 020 | _z0314070141 (annotated instructor's edition) | ||
| 040 |
_aDLC _beng _erda _cDLC _dDLC _dTR-AnTOB |
||
| 041 | 0 | _aeng | |
| 050 | 0 | 0 |
_aHF5657.4 _b.R34 1996 |
| 090 |
_aHF5657.4 _b.R34 1996 |
||
| 100 |
_aRaiborn, Cecily A. _eauthor _94486 |
||
| 245 | 1 | 0 |
_aManagerial accounting / _cCecily A. Raiborn, Jesse T. Barfield, Michael R. Kinney. |
| 250 | _a2nd ed. | ||
| 264 | 1 |
_aMinneapolis/Saint Paul : _bWest Publishing Company, _c1996. |
|
| 264 | 1 | _c©1996 | |
| 300 |
_axxx, 933 pages : _bcolor illustration, color maps ; _c27 cm |
||
| 336 |
_atext _btxt _2rdacontent |
||
| 337 |
_aunmediated _bn _2rdamedia |
||
| 338 |
_avolume _bnc _2rdacarrier |
||
| 500 | _aColored world map on endpaper. | ||
| 504 | _aBIBINDX | ||
| 650 | 0 |
_aManagerial accounting _9195 |
|
| 700 |
_aBarfield, Jesse T. _eauthor _94485 |
||
| 700 |
_aKinney, Michael R. _eauthor _94487 |
||
| 942 |
_2lcc _cBK |
||
| 999 |
_c200461750 _d79962 |
||